Sustainable Agriculture Research and Education (SARE) agroforestry grants /

Bibliographic Details
Corporate Authors: Sustainable Agriculture Research & Education (Program) (Author), National Agroforestry Center (U.S.)
Format: Government Document Database
Language:English
Published: [College Park, Md.] : National Agroforestry Center, U.S. Depatment of Agriculture, 2018-
Subjects:
Online Access:https://purl.fdlp.gov/GPO/gpo131121

MARC

Tag First Indicator Second Indicator Subfields
LEADER 00000cai a2200000 i 4500
001 in00004154591
005 20211120103624.0
006 m o d
007 cr |||||||||||
008 200131c20189999mdu x d o f0 2eng c
010 |a  2020231055 
035 |a (OCoLC)on1138465031 
040 |a GPO  |b eng  |e rda  |e pn  |c GPO  |d MvI  |d UtOrBLW 
042 |a pcc 
043 |a n-us--- 
049 |a WWW 
074 |a 0040-A-21 (online) 
086 0 |a A 94.19/2: 
110 2 |a Sustainable Agriculture Research & Education (Program),  |e author.  |0 http://id.loc.gov/authorities/names/no97038276 
245 1 0 |a Sustainable Agriculture Research and Education (SARE) agroforestry grants /  |c National Agroforestry Center, U.S. Department of Agriculture. 
246 1 |a Index of Sustainable Agriculture Research and Education agroforestry grants 
264 1 |a [College Park, Md.] :  |b National Agroforestry Center, U.S. Depatment of Agriculture,  |c 2018- 
300 |a 1 online resource 
336 |a text  |b txt  |2 rdacontent 
337 |a computer  |b c  |2 rdamedia 
338 |a online resource  |b cr  |2 rdacarrier 
362 1 |a Began in 2018. 
500 |a "Thank you to David Livingstone and Nicolas Manzi from the University of Nebraska for their help with compiling this information in June 2018." 
588 |a Description based on contents viewed January 22, 2020; title from web page. 
610 2 0 |a Sustainable Agriculture Research & Education (Program)  |v Databases. 
650 0 |a Agroforestry projects  |z United States  |v Databases. 
650 0 |a Agroforestry  |x Study and teaching  |z United States  |v Databases. 
650 0 |a Agroforestry  |z United States  |v Databases. 
710 2 |a National Agroforestry Center (U.S.)  |0 http://id.loc.gov/authorities/names/no95058102 
856 4 0 |u https://purl.fdlp.gov/GPO/gpo131121  |t 0 
999 f f |s dc0079b8-dbb6-3bea-8061-e579ac1350dc  |i c98f2996-bb9e-3634-b45d-224c83e1a564  |t 0 
952 f f |a Texas A&M University  |b College Station  |c Electronic Resources  |d Available Online  |t 0  |e A 94.19/2:  |h Superintendent of Documents classification 
998 f f |a A 94.19/2:  |t 0  |l Available Online